Statistics for Largest Cities On The U.S. West Coast

Click here to take the quiz!

General Stats

  • This quiz has been taken 63 times
  • The average score is 11 of 15

Answer Stats

PopulationCity% Correct
3,999,759Los Angeles
100%
884,363San Francisco
100%
1,419,516San Diego
98%
647,805Portland
93%
724,745Seattle
93%
1,035,317San Jose
91%
425,195Oakland
79%
469,450Long Beach
75%
501,901Sacramento
72%
527,438Fresno
68%
380,874Bakersfield
60%
352,497Anaheim
58%
327,728Riverside
58%
334,136Santa Ana
47%
310,496Stockton
42%

Score Distribution

Percentile by Number Answered

Percent of People with Each Score

Your Score History

You have not taken this quiz